| 000 | 00654nam a22001937a 4500 | ||
|---|---|---|---|
| 999 |
_c157906 _d157906 |
||
| 005 | 20181010111411.0 | ||
| 010 | _aENG-124215 | ||
| 020 |
_a9789352806881 _c495.00 |
||
| 035 | _aEN-107747 | ||
| 037 | _bDBAD/PUB | ||
| 082 | 0 | 0 | _a658.406 |
| 100 | _aRaina, Ratan | ||
| 245 | 1 | 0 |
_aChange management and organizational development / _cby Ratan Raina |
| 260 |
_a New Delhi _bSAGE Publications, _c2018 |
||
| 270 |
_aB1/I-1 Mohan Cooperative Industrial Area, Mathura Road _b New Delhi _e110044 |
||
| 300 |
_axxxii,467p. _c24 cm.(pbk) |
||
| 500 | _aIt include solutions to objective questions and index | ||
| 942 |
_2ddc _cEN _h658.406 _mRAI |
||